LIBRARY & INFORMATION CENTRE, KCAET, TAVANUR

ONLINE PUBLIC ACCESS CATALOGUE (OPAC)

Veshamgal / (Record no. 370)

MARC details
000 -LEADER
fixed length control field 00444cam a2200181ua 4500
041 ## - LANGUAGE CODE
Language code of text/sound track or separate title mal
082 ## - DEWEY DECIMAL CLASSIFICATION NUMBER
Classification number 894.8122
Item number KUM/VE
100 ## - MAIN ENTRY--AUTHOR NAME
Personal name Kumarapillai, Kainikkara .
245 ## - TITLE STATEMENT
Title Veshamgal /
250 ## - EDITION STATEMENT
Edition statement /
260 ## - PUBLICATION, DISTRIBUTION, ETC. (IMPRINT)
Place of publication :
Name of publisher Sahithyapravarthaka co-operative sangham Ltd ,
Year of publication 1955.
300 ## - PHYSICAL DESCRIPTION
Number of Pages 240 ; .
942 ## - ADDED ENTRY ELEMENTS (KOHA)
Koha item type Books
Holdings
Withdrawn status Lost status Damaged status Home library Current library Date acquired Full call number Accession Number Koha item type
Withdrawn     KAUAET Sanskrit University 07/04/2012 894.8122 254 Books
free website counter